Veľtrh nielen ukazuje svaly firmy

Veľtrhy, výstavy či stretnutia s expertmi a médiami sú nielen ukážkou produktu, ale aj konkurencieschopnosti firmy. Priamy kontakt so záujemcami a prezentácia toho, čo firma robí a čím vlastne je. Makroekonomický efekt veľtrhov. Medzinárodné výstavy v roku 2016.

Uložené v:
Podrobná bibliografia
Hlavný autor: Veselý, Matúš
Médium: Kapitola
Jazyk:Slovak
Predmet:
Tagy: Pridať tag
Žiadne tagy, Buďte prvý, kto otaguje tento záznam!

MARC

LEADER 00000naa a2200000 4500
001 0219313
005 20231011124251.3
041 0 |a slo 
044 |a SK 
245 1 0 |a Veľtrh nielen ukazuje svaly firmy  |c Matúš Veselý 
520 |a Veľtrhy, výstavy či stretnutia s expertmi a médiami sú nielen ukážkou produktu, ale aj konkurencieschopnosti firmy. Priamy kontakt so záujemcami a prezentácia toho, čo firma robí a čím vlastne je. Makroekonomický efekt veľtrhov. Medzinárodné výstavy v roku 2016. 
610 2 0 |a veľtrhy 
610 2 0 |a výstavy 
610 2 0 |a prezentácia firemná 
610 2 0 |a organizácie medzinárodné 
610 2 0 |a komunikácia marketingová 
610 2 0 |a konkurencieschopnosť 
100 1 |a Veselý, Matúš